Lanean...
Representative prose/
| Beste egile batzuk: | |
|---|---|
| Formatua: | Printed Book |
| Hizkuntza: | English |
| Argitaratua: |
India:
Macmillan Publishers,
1958.
|
| Gaiak: |
| LEADER | 00542nam a22001457a 4500 | ||
|---|---|---|---|
| 008 | 170427b xxu||||| |||| 00| 0 eng d | ||
| 999 | |c 17995 |d 17995 | ||
| 082 | |a P 820.8 |b PIL | ||
| 245 | |a Representative prose/ |c edited by E. P. N. Pillay | ||
| 260 | |a India: |b Macmillan Publishers, |c 1958. | ||
| 300 | |a 171p. | ||
| 650 | |a Literature | ||
| 700 | |a Pillay, E. P. N |e editor | ||
| 942 | |2 ddc |c BK | ||
| 952 | |0 0 |1 0 |2 ddc |4 0 |5 1 |6 P_820_800000000000000_PIL |7 0 |9 25169 |a MAIN |b MAIN |d 2017-04-27 |e Prabodhachandra shekharam |g 1.50 |o P 820.8 PIL |p 25477 |r 2017-04-27 |w 2017-04-27 |y BK | ||